000 00382nam a22001577a 4500
003 SGT
020 _a9789374737101
082 _a615.53
_bP26K
100 _aKUMAR, SANJAY
245 _aPHARMACEUTICS FOR DIPLOMAIN PHARMACY
260 _aDELHI
_bAITBS, PUB
_c2026
300 _a261
650 _aPHARMACEUTICS
653 _aPHARMACEUTICS, PHARMACY, DIPLOMA
942 _2ddc
_cGF BOOKS
999 _c33222
_d33222